| 000 | 00727nam a2200205 i 4500 | ||
|---|---|---|---|
| 001 | 21673 | ||
| 003 | ES-MaACL | ||
| 005 | 20250911063528.0 | ||
| 007 | t| | ||
| 008 | 021127s1949 sp |||| | spa d | ||
| 100 | 1 |
_aAlbiñana García-Quintana, César, _d1920-2007 _919384 |
|
| 245 | 1 | 0 |
_aTributación del beneficio de la empresa y sus partícipes / _cCésar Albiñana García-Quintana ; prólogo de José Larraz. |
| 250 | _a2ª ed., corr. y aum. | ||
| 260 |
_a[Alcalá de Henares : _bs.n., _c1949] ( _fTall. Penitenciarios) |
||
| 300 |
_aLVIII, 917 p. ; _c22 cm. |
||
| 650 | 4 |
_aImpuestos- _zEspaña _913634 |
|
| 700 | 1 |
_aLarraz, José, _d1904-1973 _970328 |
|
| 852 |
_aES-MaACL _jC-27622 |
||
| 999 |
_c21673 _d21673 |
||